Statistics for Biggest Cities in Argentina

Click here to take the quiz!

General Stats

  • This quiz has been taken 85 times
  • The average score is 11 of 20

Answer Stats

PopulationCity% Correct
2,890,151Buenos Aires
100%
1,317,298Cordoba
90%
1,193,605Rosario
88%
643,133La Plata
71%
593,337Mar del Plata
69%
548,866San Miguel de Tucuman
69%
520,683Salta
64%
391,164Santa Fe de la Vera Cruz
60%
291,327Bahia Blanca
57%
222,226Formosa
50%
346,334Corrientes
48%
252,192Santiago del Estero
48%
231,198Neuquen
45%
247,139Parana
45%
290,723Resistencia
43%
257,970San Salvador de Jujuy
43%
275,028Posadas
40%
212,152Lanus
29%
360,078Vicente Lopez
29%
296,826Pilar
26%

Score Distribution

Percentile by Number Answered

Percent of People with Each Score

Your Score History

You have not taken this quiz